Věčné ideály lidstva

Guardado en:
Detalles Bibliográficos
Autor principal: Engliš, Karel
Formato: Libro
Lenguaje:checo
Publicado: Praha Vyšehrad 1992
Edición:1. vyd.
Colección:Cesty Sv.2
Materias:
Etiquetas: Agregar Etiqueta
Sin Etiquetas, Sea el primero en etiquetar este registro!

MARC

LEADER 00000nam a2200000 4500
001 c011968
005 20221206084540.9
020 |a 80-7021-113-X 
041 0 |a cze 
044 |a CZ 
245 1 0 |a Věčné ideály lidstva  |c Karel Engliš 
250 |a 1. vyd. 
264 1 |a Praha  |b Vyšehrad  |c 1992 
300 |a 161 s. 
490 1 |a Cesty  |v Sv.2 
830 0 |a Cesty  |v Sv.2 
610 2 0 |a myslenie ekonomické 
610 2 0 |a filozofia 
610 2 0 |a logika 
100 1 |a Engliš, Karel